00363nam a2200157Ia 45000010006000000050017000060080041000230410008000640820016000721000025000882450039001132600009001523000028001616500008001896540008001971022920260306161816.0260306t1985||||xx |||||||||||||| ||spa|| aESP a909.07bV49 aVerger, JacqueseAUT 0aLa alta edad media (siglos V-XIII) c1985 a240 páginas :c20 cm. aGEN aCHU